Movies Quiz

Random Movies or Box Office Quiz

Highest Grossing #2 Movies Quiz Stats

Quiz Updated Oct 17, 2016

Challenge
Share
Tweet
Score 0/30 Timer 10:00
5 Plays Today
% Correct
Ice Age: Dawn of the Dinosaurs
94.7%
Kung Fu Panda 2
94.5%
Beauty and the Beast
94.3%
Sherlock Holmes
93.4%
Alvin & the Chipmunks
92.6%
The Polar Express
92%
How to Train Your Dragon 2
87.5%
Mad Max: Fury Road
87%
Lilo & Stitch
86.2%
Bridesmaids
86.1%
Gremlins
85.5%
La La Land
85.2%
Trolls
84.3%
Django Unchained
82.8%
World War Z
82.6%
% Correct
My Big Fat Greek Wedding
82%
Catch Me If You Can
81%
Knocked Up
79.3%
A Beautiful Mind
79%
Interstellar
77%
Casino Royale
75.6%
Grown Ups
72.1%
Dances with Wolves
67%
The Day After Tomorrow
65.4%
Sing!
65.2%
We're the Millers
64.5%
The Longest Yard
64.2%
Over the Hedge
59.5%
The Heat
59.2%
Daddy's Home
43.8%

You're not logged in!

Compare scores with friends on all Sporcle quizzes.
Join for Free
OR
Log In

You Might Also Like...

Show Comments

Extras

Top Quizzes Today


Score Distribution

Your Account Isn't Verified!

In order to create a playlist on Sporcle, you need to verify the email address you used during registration. Go to your Sporcle Settings to finish the process.

Report this User

Report this user for behavior that violates our Community Guidelines.

Details: